Агротехника маточных деревьев мандаринов / (ბიბ.ჩანაწერი № 37476)
[ მარტივი ფორმატი ]
| 000 -LEADER | |
|---|---|
| fixed length control field | 00853nam a2200217Ia 4500 |
| 001 - CONTROL NUMBER | |
| control field | 3437 |
| 003 - CONTROL NUMBER IDENTIFIER | |
| control field | GE_BSU |
| 005 - DATE AND TIME OF LATEST TRANSACTION | |
| control field | 20221028122227.0 |
| 008 - FIXED-LENGTH DATA ELEMENTS--GENERAL INFORMATION | |
| fixed length control field | 181216s1989ru xx |||||||||||||| ||rus|| |
| 040 ## - CATALOGING SOURCE | |
| Transcribing agency | GE_BSU |
| 041 ## - LANGUAGE CODE | |
| Language code of text/sound track or separate title | rus |
| 080 ## - UNIVERSAL DECIMAL CLASSIFICATION NUMBER | |
| Universal Decimal Classification number | 634.32(479.223) Д-40 |
| 100 ## - MAIN ENTRY--PERSONAL NAME | |
| Personal name | Джабнидзе, Резо. |
| 9 (RLIN) | 15626 |
| 245 ## - TITLE STATEMENT | |
| Title | Агротехника маточных деревьев мандаринов / |
| Statement of responsibility, etc. | Резо Джабнидзе, Ред. Э. Николадзе. |
| 264 ## - PRODUCTION, PUBLICATION, DISTRIBUTION, MANUFACTURE, AND COPYRIGHT NOTICE | |
| Place of production, publication, distribution, manufacture | Батуми : |
| Name of producer, publisher, distributor, manufacturer | Аджара, |
| Date of production, publication, distribution, manufacture, or copyright notice | 1989. |
| 300 ## - PHYSICAL DESCRIPTION | |
| Extent | 139 с. : |
| Other physical details | 19 см. |
| 653 ## - INDEX TERM--UNCONTROLLED | |
| keyword | Агротехника маточных деревьев мандаринов. |
| 653 ## - INDEX TERM--UNCONTROLLED | |
| keyword | მანდარინის ხეების აგროტექნიკა. |
| 700 ## - ADDED ENTRY--PERSONAL NAME | |
| Personal name | Николадзе, Э |
| Relator term | რედაქტორი |
| 9 (RLIN) | 15627 |
| 942 ## - ADDED ENTRY ELEMENTS (KOHA) | |
| Koha item type | წიგნი |
| Source of classification or shelving scheme | |
| Withdrawn status | Lost status | Source of classification or shelving scheme | Damaged status | Not for loan | Permanent Location | Current Location | Shelving location | Date acquired | Full call number | Barcode | Date last seen | Copy number | Price effective from | Koha item type |
|---|---|---|---|---|---|---|---|---|---|---|---|---|---|---|
| ბათუმის შოთა რუსთაველის სახელმწიფო უნივერსიტეტის მთავარი ბიბლიოთეკა | ბათუმის შოთა რუსთაველის სახელმწიფო უნივერსიტეტის მთავარი ბიბლიოთეკა | წიგნსაცავი | 2018-12-17 | 634.32(479.223) Д-40 | 4930 | 2018-12-17 | 4930 | 2018-12-17 | წიგნი | |||||
| ბათუმის შოთა რუსთაველის სახელმწიფო უნივერსიტეტის მთავარი ბიბლიოთეკა | ბათუმის შოთა რუსთაველის სახელმწიფო უნივერსიტეტის მთავარი ბიბლიოთეკა | წიგნსაცავი | 2018-12-17 | 634.32(479.223) Д-40 | 4931 | 2018-12-17 | 4931 | 2018-12-17 | წიგნი | |||||
| ბათუმის შოთა რუსთაველის სახელმწიფო უნივერსიტეტის მთავარი ბიბლიოთეკა | ბათუმის შოთა რუსთაველის სახელმწიფო უნივერსიტეტის მთავარი ბიბლიოთეკა | წიგნსაცავი | 2018-12-17 | 634.32(479.223) Д-40 | 4932 | 2018-12-17 | 4932 | 2018-12-17 | წიგნი | |||||
| ბათუმის შოთა რუსთაველის სახელმწიფო უნივერსიტეტის მთავარი ბიბლიოთეკა | ბათუმის შოთა რუსთაველის სახელმწიფო უნივერსიტეტის მთავარი ბიბლიოთეკა | წიგნსაცავი | 2018-12-17 | 634.32(479.223) Д-40 | 4933 | 2018-12-17 | 4933 | 2018-12-17 | წიგნი | |||||
| ბათუმის შოთა რუსთაველის სახელმწიფო უნივერსიტეტის მთავარი ბიბლიოთეკა | ბათუმის შოთა რუსთაველის სახელმწიფო უნივერსიტეტის მთავარი ბიბლიოთეკა | წიგნსაცავი | 2018-12-17 | 634.32(479.223) Д-40 | 4934 | 2018-12-17 | 4934 | 2018-12-17 | წიგნი | |||||
| ბათუმის შოთა რუსთაველის სახელმწიფო უნივერსიტეტის მთავარი ბიბლიოთეკა | ბათუმის შოთა რუსთაველის სახელმწიფო უნივერსიტეტის მთავარი ბიბლიოთეკა | წიგნსაცავი | 2018-12-17 | 634.32(479.223) Д-40 | 4935 | 2018-12-17 | 4935 | 2018-12-17 | წიგნი | |||||
| ბათუმის შოთა რუსთაველის სახელმწიფო უნივერსიტეტის მთავარი ბიბლიოთეკა | ბათუმის შოთა რუსთაველის სახელმწიფო უნივერსიტეტის მთავარი ბიბლიოთეკა | წიგნსაცავი | 2018-12-17 | 634.32(479.223) Д-40 | 4936 | 2018-12-17 | 4936 | 2018-12-17 | წიგნი |
